00658 2200241 4500001002100000005001500021035002000036245009500056100002300151250000600174300003100180700001800211260002700229082001000256084001600266020001800282650003100300990001700331990001700348990001700365990001700382990001700399INLIS00000000000068520190125042007 a0010-01190001411 aPeluang Usaha Beternak Ayam Arab Intensif /cBambang Marhiyanto; penyunting, Titik Oktia M0 aBambang Marhiyanto a- a52 hlm. :bilus. ;c21 cm.0 aTitik Oktia M aSurabaya :bSIC,c2010 a636.5 a636.5 BAM p a979-9415-42-X aPeternakan Unggas ( Ayam ) a02583/P/2018 a02584/P/2018 a02585/P/2018 a02586/P/2018 a02587/P/2018